| 000 | 01369nam0a2200385 4500 | ||
|---|---|---|---|
| 001 | RU\NLR\bibl\199398 | ||
| 005 | 20260408193710.0 | ||
| 010 |
_a5-900916-76-6 _93000 |
||
| 021 |
_aRU _b2001-10311 _9494 |
||
| 035 | _a(NLR Aleph) 000195784 | ||
| 090 |
_a1133476 _c1133476 |
||
| 100 | _a20010521d2001 u y0rusy50 ca | ||
| 101 | 0 | _arus | |
| 102 | _aRU | ||
| 105 | _aa ||||||||| | ||
| 200 | 1 |
_aУзлы и косы _fА. Б. Сосинский _gрисунки М. Ю. Панова |
|
| 210 |
_aМ. _cИзд-во Моск. центра непрерыв. мат. образования _d2001 |
||
| 215 |
_a23, [1] с. _cил. _d20 |
||
| 225 | 1 |
_aБиблиотека "Математическое просвещение" _vВып. 10 |
|
| 606 |
_aУзлы (мат.) _3RU\NLR\auth\66443104 _91119083 |
||
| 606 |
_aКосы (мат.) _3RU\NLR\auth\661339556 _92231843 |
||
| 610 | 0 | _aИнвариантности теория | |
| 675 |
_a373.167.1:514.17+514.17(075.3) _v3 _zrus |
||
| 686 |
_a14.25 _2rugasnti |
||
| 686 |
_a22.151я721 _2rubbk |
||
| 686 | _aВ182.1 | ||
| 700 | 1 |
_aСосинский _gАлексей Брониславович _4070 |
|
| 702 | 1 |
_aПанов _bМ. Ю. _4440 |
|
| 801 | 0 |
_aRU _bRKP _c20010521 _gPSBO |
|
| 801 | 1 |
_aRU _bRKP _c20010521 |
|
| 801 | 2 |
_aRU _bNLR _c20020206 _grcr |
|
| 942 | _cBOOK | ||
| 980 | _aNB | ||